Podnikové financie Zbierka príkladov

Na minha lista:
Detalhes bibliográficos
Autor principal: Fetisovová, Elena
Autor Corporativo: Ekonomická univerzita v Bratislave. Fakulta podnikového manažmentu
Formato: Livro
Idioma:eslovaco
Publicado em: Bratislava Ekonóm 1996
Edição:1. vyd.
Assuntos:
Tags: Adicionar Tag
Sem tags, seja o primeiro a adicionar uma tag!

MARC

LEADER 00000nam a2200000 4500
001 c015439
005 20240502071310.7
020 |a 80-225-0783-0 
041 0 |a slo 
044 |a SK 
245 1 0 |a Podnikové financie  |b Zbierka príkladov  |c Elena Fetisovová a kol. 
250 |a 1. vyd. 
264 1 |a Bratislava  |b Ekonóm  |c 1996 
300 |a 151 s. 
610 2 0 |a financie podnikové 
610 2 0 |a cash flow 
610 2 0 |a likvidita majetku 
610 2 0 |a zdroje finančné 
610 2 0 |a úver 
610 2 0 |a kapitál fixný 
610 2 0 |a kapitál obežný 
610 2 0 |a zisk 
610 2 0 |a plánovanie finančné 
610 2 0 |a analýza finančná 
100 1 |a Fetisovová, Elena 
710 2 |a Ekonomická univerzita v Bratislave. Fakulta podnikového manažmentu